000
00312nam a2200133Ia 4500
008
191201s2007 xx 000 0 und d
100
_a
KELLER, Kevin Lane
245
0
_a
Marketing Management
250
_a
12th
260
_c
2007
_b
Pearson Education
_a
N.Delhi
300
_a
621
650
_a
MBA
942
_2
ddc
_c
BB
999
_c
7238
_d
7238